00654cam a2200229 a 45000010009000000050017000090080041000260200018000670400018000850820021001031000013001242450055001372600038001923000019002306500021002496500013002706500019002836500010003029420006003129520091003189990015004091685779620250123055825.0110706s2011 ii b 001 0 eng  a9788131604304 aDLCcDLCdDLC 26669a305.4bPAD1 aPadia, C10aTheorizing Feminism:bA Cross-Cultural Exploration aJaipurbRawat Publications,c2011 axviii, 233 p., 0aFeminist theory. 0aFeminism 0aSocial Science 0aWomen cL 001040708LaWERCLbWERCLd2025-01-23l0o305.4 PADp6669r2025-01-23w2025-01-23yL c5958d5958